Active Noise Control : Fundamentals for Acoustic Design /

-д хадгалсан:
Номзүйн дэлгэрэнгүй
Үндсэн зохиолч: Rosenhouse, G. (autor)
Формат: Ном
Хэл сонгох:англи
Хэвлэсэн: Southampton, Inglaterra : WIT, 2001, c2001
Нөхцлүүд:
Шошгууд: Шошго нэмэх
Шошго байхгүй, Энэхүү баримтыг шошголох эхний хүн болох!

MARC

LEADER 00000nam^a2200000^a^4500
001 000136175
005 20250521000000.0
009 20260310095308.488
020 |a 1-85312-373-0 
037 |a Acervo ITESO - Biblioteca 
041 |a ING 
082 |a 620. 23  |b ROS V. 1 
100 |a Rosenhouse, G.  |e (autor) 
245 1 0 |a Active Noise Control :  |b Fundamentals for Acoustic Design /  |c G. Rosenhouse. 
264 4 |a Southampton, Inglaterra :  |b WIT,  |c 2001, c2001 
300 |a 407 p. 
336 |a texto  |b txt  |2 rdacontenido 
337 |a sin mediación  |b n  |2 rdamedio 
338 |a volumen  |b nc  |2 rdasoporte 
649 |a XX 
650 |a Ruido y Contaminación Auditiva -  |x Control 
650 |a Diseño de Sistemas de Control 
650 |a Acústica Arquitectónica 
650 |a Ingeniería Acústica 
650 |a Ingeniería Civil 
910 |a Fondo General 
920 |a Impresos - Libros 
930 |a Colección General 
905 |a 101 
901 |a 0500064999  |b IT1  |c ACC  |u 20250521 
902 |a https://opac.biblio.iteso.mx/vufind/Record/000136175